An embarrassment of riches : tapping into the world''s greatest legacy of wealth
Bewaard in:
| Hoofdauteur: | |
|---|---|
| Formaat: | Sách |
| Taal: | Undetermined |
| Gepubliceerd in: |
John Wiley & Sons
2014
|
| Onderwerpen: | |
| Tags: |
Voeg label toe
Geen labels, Wees de eerste die dit record labelt!
|
| Thư viện lưu trữ: | Trung tâm Thư viện - Trường Đại học Công nghiệp TP. Hồ Chí Minh |
|---|
| LEADER | 00536nam a2200157Ia 4500 | ||
|---|---|---|---|
| 001 | UIH_04426 | ||
| 008 | 231011s9999 xx 000 0 und d | ||
| 082 | |a 178 | ||
| 100 | |a Green, Alexander | ||
| 245 | 0 | |a An embarrassment of riches : tapping into the world''s greatest legacy of wealth | |
| 245 | 0 | |c Green, Alexander | |
| 260 | |b John Wiley & Sons | ||
| 260 | |c 2014 | ||
| 650 | |a Tiền tệ; Của cải; | ||
| 927 | |a Sách | ||
| 980 | |a Trung tâm Thư viện - Trường Đại học Công nghiệp TP. Hồ Chí Minh | ||